Kvantitatívna analýza stavu konkurenčného prostredia telekomunikačného sektora Slovenskej republiky diplomová práca

Gespeichert in:
Bibliographische Detailangaben
1. Verfasser: Sedláková, Eva
Körperschaft: Fakulta hospodárskej informatiky EU. Katedra operačného výskumu a ekonometrie
Weitere Verfasser: Fendek, Michal
Format: Buch
Sprache:Slowakisch
Veröffentlicht: Bratislava 2014
Tags: Tag hinzufügen
Keine Tags, Fügen Sie das erste Tag hinzu!

MARC

LEADER 00000nbm a2200000 4500
001 0188543
005 20170201104100.4
041 0 |a slo 
044 |a SK 
245 1 0 |a Kvantitatívna analýza stavu konkurenčného prostredia telekomunikačného sektora Slovenskej republiky  |b diplomová práca  |c Eva Sedláková ; školiteľ: Michal Fendek 
264 1 |a Bratislava  |c 2014 
300 |a 58 s. 
100 1 |a Sedláková, Eva 
700 1 |a Fendek, Michal 
710 2 |a Fakulta hospodárskej informatiky EU. Katedra operačného výskumu a ekonometrie